000 00824nam a2200253Ia 4500
003 OSt
005 20221005043857.0
006 a|||||r|||| 00| 0
007 ta
008 221004b |||||||| |||| 00| 0 eng d
020 _a9781584652713 (pbk)
_c1156.68
024 _a100291
037 _b29192, 18/02/2010, Segment Book Distributors
_cTextual
040 _aCRL
_cCRL
_beng
041 _2eng
_aeng
082 _aO111973vM, P3
100 _aCutler Edward S.
_9591992
245 0 _aRecovering the new
_b Ttransatlantic roots of modernism
260 _aHanover
_bUniversity of New Hampshire England
_c2003
300 _ax,215p.
_ccm.
650 _aENGLISH LITERATURE
942 _hO111973vM, P3
_cTEXL
_2cc
999 _c952550
_d952550